000 00444nam a22001697a 4500
003 MPLRDC
005 20220104142409.0
008 210129b ||||| |||| 00| 0 eng d
082 _a802.3 DXXD 1987
100 _a中国社会科学院语言研究所词典编辑室编
245 _a倒序现代汉语词典
_c
250 _a一版一刷
260 _a
_b商务印书馆
_c1987
300 _b
650 _a
942 _cBK
_o802.3 DXXD 1987
999 _c30564
_d30554